[Event "DEM U10/U10w 2010"]
[Site "Oberhof GER"]
[Date "2010.05.26"]
[Round "6"]
[White "Rätzke von Stoyentin, Steffen"]
[Black "Sieber, Fiona"]
[Result "1-0"]
[Termination "normal"]
[Board "14"]
[WhiteElo "1278"]
[BlackElo "1605"]
[PlyCount "97"]
[WhiteFideId "12907502"]
[BlackFideId "12902373"]
[EventCountry "GER"]
[EventRounds "11"]
[EventType "swiss"]
[EventDate "2010.05.22"]

1. d4 Nf6 2. c4 e6 3. Nc3 Bb4 4. Bg5 d5 5. Nf3 Nbd7 6. e3 c6 7. cxd5 cxd5 8.
Qb3 Qa5 9. Bxf6 Nxf6 10. Bd3 O-O 11. O-O Bd7 12. a3 Bd6 13. e4 dxe4 14. Nxe4
Nd5 15. Nxd6 Ba4 16. Qc4 b5 17. Qc1 f5 18. Nb7 Qb6 19. Nc5 Rfe8 20. Nxa4 bxa4
21. Qd2 Qb3 22. Rac1 Red8 23. Bc4 Qb6 24. Bxd5 Rxd5 25. Rc4 Rad8 26. Qc3 Qb7
27. Rc1 Qd7 28. Rc8 Qe7 29. Rxd8+ Rxd8 30. h3 h6 31. Qc7 Rd7 32. Qc8+ Kh7 33.
Qc5 Qf6 34. Qe5 Qe7 35. g4 fxg4 36. Qe4+ g6 37. Qxg4 Qf7 38. Ne5 Qg7 39. Nxd7
Qxd7 40. Qf4 Qg7 41. Rc7 a5 42. Rxg7+ Kxg7 43. Kg2 g5 44. Qc7+ Kg6 45. d5 exd5
46. Qd6+ Kh5 47. f4 d4 48. fxg5 d3 49. Qxh6# 1-0

[Event "DEM U10/U10w 2010"]
[Site "Oberhof GER"]
[Date "2010.05.26"]
[Round "6"]
[White "Poghosyan, Tigran"]
[Black "Nothnagel, Marian Can"]
[Result "1-0"]
[Termination "normal"]
[Board "15"]
[WhiteElo "1387"]
[BlackElo "1211"]
[PlyCount "123"]
[WhiteFideId "12909319"]
[BlackFideId "12921530"]
[EventCountry "GER"]
[EventRounds "11"]
[EventType "swiss"]
[EventDate "2010.05.22"]

1. e4 e5 2. Bc4 Nc6 3. c3 Bc5 4. Nf3 Nf6 5. d3 d6 6. h3 O-O 7. O-O Be6 8. Bb5
Nd7 9. d4 exd4 10. cxd4 Nxd4 11. Nxd4 Bxd4 12. Qxd4 c6 13. Be2 Nb6 14. Bf4 d5
15. Nc3 dxe4 16. Qxe4 Nd5 17. Rfd1 Qf6 18. Bd3 Qg6 19. Qxg6 fxg6 20. Bg3 Nxc3
21. bxc3 Bf5 22. Bxf5 gxf5 23. Be5 Rad8 24. Rab1 b5 25. Bd4 a6 26. Bc5 Rfe8 27.
Bb6 Rxd1+ 28. Rxd1 Re2 29. a3 Re6 30. Rd8+ Kf7 31. Ra8 Re1+ 32. Kh2 Rc1 33. Bd4
c5 34. Ra7+ Ke6 35. Bxg7 Rc2 36. Rxa6+ Kf7 37. Ra7+ Kg6 38. Kg3 Ra2 39. Bf8 Rc2
40. Bxc5 Rxc3+ 41. Be3 Rc2 42. Rb7 Ra2 43. Bc5 Rb2 44. a4 Rb3+ 45. Kh2 bxa4 46.
Rxb3 axb3 47. Bd4 f4 48. g4 fxg3+ 49. Kxg3 Kg5 50. Kf3 Kh4 51. Kg2 Kg5 52. Kg3
Kf5 53. Kf3 Kg5 54. Ke4 Kh4 55. f4 Kxh3 56. f5 Kg4 57. f6 h5 58. f7 h4 59. f8=Q
h3 60. Qf4+ Kh5 61. Kf5 b2 62. Qg5# 1-0

[Event "DEM U10/U10w 2010"]
[Site "Oberhof GER"]
[Date "2010.05.26"]
[Round "6"]
[White "Kololli, Martin"]
[Black "Wächter, Nathalie"]
[Result "0-1"]
[Termination "normal"]
[Board "16"]
[WhiteElo "1251"]
[BlackElo "1385"]
[PlyCount "44"]
[WhiteFideId "12936910"]
[BlackFideId "12921033"]
[EventCountry "GER"]
[EventRounds "11"]
[EventType "swiss"]
[EventDate "2010.05.22"]

1. e4 c5 2. c3 d5 3. exd5 Qxd5 4. d4 Nf6 5. Bb5+ Nc6 6. Bxc6+ Qxc6 7. f3 Bf5 8.
dxc5 Qxc5 9. Ne2 e6 10. Qd4 Qxd4 11. Nxd4 Bg6 12. Bg5 Be7 13. Nd2 h6 14. Bh4
Nd5 15. Bxe7 Kxe7 16. g3 Rhd8 17. O-O-O Rac8 18. N2b3 Nb4 19. a3 Nd3+ 20. Kd2
Nf2 21. Ke3 Nxd1+ 22. Rxd1 e5 0-1

[Event "DEM U10/U10w 2010"]
[Site "Oberhof GER"]
[Date "2010.05.26"]
[Round "6"]
[White "Diener, Carolin"]
[Black "Riedel, Matthias"]
[Result "1/2-1/2"]
[Termination "normal"]
[Board "17"]
[WhiteElo "1208"]
[BlackElo "1366"]
[PlyCount "39"]
[WhiteFideId "24699063"]
[BlackFideId "1271820"]
[EventCountry "GER"]
[EventRounds "11"]
[EventType "swiss"]
[EventDate "2010.05.22"]

1. e4 e5 2. Nf3 Nf6 3. Nxe5 d6 4. Nf3 Nxe4 5. Nc3 Nf6 6. d4 Bg4 7. Be2 Be7 8.
Be3 O-O 9. O-O Nbd7 10. h3 Bh5 11. Nh4 Bxe2 12. Qxe2 d5 13. Qf3 c6 14. Nf5 Nb6
15. Nxe7+ Qxe7 16. Rfe1 Qd7 17. Qg3 Kh8 18. Bg5 Ng8 19. Re2 Rae8 20. Rae1
1/2-1/2

[Event "DEM U10/U10w 2010"]
[Site "Oberhof GER"]
[Date "2010.05.26"]
[Round "6"]
[White "Siegl, Adrian"]
[Black "Pallas, Sebastian"]
[Result "0-1"]
[Termination "normal"]
[Board "20"]
[WhiteElo "1198"]
[BlackElo "1560"]
[PlyCount "182"]
[WhiteFideId "12930156"]
[BlackFideId "12905453"]
[EventCountry "GER"]
[EventRounds "11"]
[EventType "swiss"]
[EventDate "2010.05.22"]

1. e4 c5 2. Nf3 Nc6 3. d4 cxd4 4. Nxd4 Nf6 5. Nc3 d6 6. Bg5 e6 7. Qd2 Be7 8.
Be2 a6 9. O-O O-O 10. Bf3 Qc7 11. Rad1 Ne5 12. Be2 b5 13. f4 Nc6 14. a3 Qb6 15.
Kh1 Nxd4 16. Qxd4 Qxd4 17. Rxd4 Re8 18. e5 dxe5 19. fxe5 Nd7 20. Bxe7 Rxe7 21.
Bf3 Rb8 22. Rfd1 g6 23. Re1 Bb7 24. Bxb7 Rxb7 25. Rd6 Ra7 26. Na2 a5 27. h3 Nc5
28. Rb6 Rab7 29. Rxb7 Rxb7 30. Rd1 Ne4 31. Rd8+ Kg7 32. Ra8 a4 33. Nb4 Nd2 34.
Rd8 Nc4 35. Nd3 Ne3 36. Rc8 Nd5 37. Nc5 Rc7 38. Rxc7 Nxc7 39. Nd7 Nd5 40. g4
Ne3 41. Kg1 Nxc2 42. Kf2 b4 43. axb4 Nxb4 44. Nc5 Nc6 45. Nxa4 Nxe5 46. Kg3 Nd3
47. Kf3 Kf8 48. Ke3 Nb4 49. Ke4 Ke7 50. b3 Kd6 51. h4 Nd5 52. Kd4 e5+ 53. Kd3
f5 54. gxf5 gxf5 55. Nb2 Kc5 56. Kc2 Kd4 57. Kd2 Nc3 58. Nd3 Nd5 59. Nf2 e4 60.
Nh3 h6 61. h5 f4 62. Ke2 Ke5 63. Kf2 Nf6 64. b4 Nxh5 65. b5 Kd5 66. Ke2 Kc5 67.
Nf2 Ng3+ 68. Ke1 Kxb5 69. Nh3 f3 70. Kf2 Nf5 71. Ng1 h5 72. Nh3 Kc5 73. Ng5 Kd5
74. Nxf3 exf3 75. Kxf3 h4 76. Kg4 Ke6 77. Kh3 Kf6 78. Kg4 Kg6 79. Kh3 Kg5 80.
Kh2 Kg4 81. Kg2 h3+ 82. Kh1 Kg3 83. Kg1 Ne3 84. Kh1 Nd1 85. Kg1 h2+ 86. Kf1 Kf3
87. Ke1 h1=Q+ 88. Kd2 Ke4 89. Kc1 Qg2 90. Kxd1 Kd3 91. Kc1 Qc2# 0-1

[Event "DEM U10/U10w 2010"]
[Site "Oberhof GER"]
[Date "2010.05.26"]
[Round "6"]
[White "Burg, Niclas"]
[Black "Niermann, Tristan"]
[Result "0-1"]
[Termination "normal"]
[Board "21"]
[WhiteElo "1467"]
[BlackElo "1199"]
[PlyCount "38"]
[WhiteFideId "1271968"]
[BlackFideId "12990698"]
[EventCountry "GER"]
[EventRounds "11"]
[EventType "swiss"]
[EventDate "2010.05.22"]

1. e4 e5 2. Nf3 Nc6 3. Bc4 Bc5 4. O-O d6 5. Nc3 Bg4 6. h3 Bh5 7. Nd5 Nf6 8. d3
h6 9. Qe2 Nd4 10. Qd1 c6 11. Nc3 Qd7 12. Kh1 Nxf3 13. gxf3 Qxh3+ 14. Kg1 Bxf3
15. Qxf3 Qxf3 16. Bd2 Ng4 17. Be3 Bxe3 18. fxe3 Qg3+ 19. Kh1 Qh2# 0-1

[Event "DEM U10/U10w 2010"]
[Site "Oberhof GER"]
[Date "2010.05.26"]
[Round "6"]
[White "Spitzl, Vinzent"]
[Black "Halas, Julia"]
[Result "1-0"]
[Termination "normal"]
[Board "23"]
[WhiteElo "1711"]
[BlackElo "1091"]
[PlyCount "127"]
[WhiteFideId "12901253"]
[BlackFideId "12931810"]
[EventCountry "GER"]
[EventRounds "11"]
[EventType "swiss"]
[EventDate "2010.05.22"]

1. e4 e5 2. Nf3 Nf6 3. Nxe5 d6 4. Nf3 Nxe4 5. d4 d5 6. Bd3 Nc6 7. c4 Be7 8. O-O
O-O 9. Nc3 Nf6 10. h3 Nb4 11. Be2 Bf5 12. a3 Nc6 13. Bd3 Bxd3 14. Qxd3 Re8 15.
Bf4 a6 16. c5 Bf8 17. Ne5 Nxe5 18. Bxe5 c6 19. b4 b5 20. cxb6 Qxb6 21. Bxf6
gxf6 22. Rac1 Bg7 23. Na4 Qb5 24. Nc5 Qxd3 25. Nxd3 Rac8 26. Nc5 Ra8 27. Na4
Rac8 28. Nb6 Rc7 29. Nxd5 Rcc8 30. Nb6 Rcd8 31. Rxc6 Rxd4 32. Rc4 Rxc4 33. Nxc4
Rb8 34. Rd1 Bf8 35. Ne3 Rc8 36. Ng4 Kg7 37. Rd3 Rc6 38. Rb3 Bd6 39. Ne3 Rc1+
40. Nf1 Ra1 41. g3 Kf8 42. Kg2 Ke7 43. Ne3 Ke6 44. Kf3 a5 45. Nc4 axb4 46. Nxd6
Kxd6 47. axb4 Kd5 48. b5 Kc4 49. b6 Ra8 50. b7 Rb8 51. Rb1 Kd5 52. Kg4 Ke4 53.
Kh5 f5 54. Rb3 f4 55. g4 f6 56. Kh6 Ke5 57. Kxh7 Ke6 58. h4 Kf7 59. h5 Ke6 60.
h6 Kf7 61. Rb4 f3 62. Rb3 Ke6 63. Kg7 Ke7 64. h7 1-0

[Event "DEM U10/U10w 2010"]
[Site "Oberhof GER"]
[Date "2010.05.26"]
[Round "6"]
[White "Nguyen, Huy Dat"]
[Black "Wallat, Jessica"]
[Result "1/2-1/2"]
[Termination "normal"]
[Board "24"]
[WhiteElo "1363"]
[BlackElo "1045"]
[PlyCount "73"]
[WhiteFideId "12923486"]
[BlackFideId "12909637"]
[EventCountry "GER"]
[EventRounds "11"]
[EventType "swiss"]
[EventDate "2010.05.22"]

1. e4 e5 2. Nf3 Nc6 3. Bc4 Bc5 4. c3 Nf6 5. d4 exd4 6. cxd4 Bb4+ 7. Nc3 Nxe4 8.
O-O Bxc3 9. d5 Ne5 10. bxc3 Nxc4 11. Qd4 O-O 12. Qxe4 Nb6 13. d6 Re8 14. dxc7
Qe7 15. Qxe7 Rxe7 16. Ba3 Re8 17. Rfe1 Rxe1+ 18. Rxe1 h6 19. Re8+ Kh7 20. Ne5
f6 21. Nd3 Nd5 22. c4 Nxc7 23. Re7 Ne6 24. f4 b6 25. g4 Nd4 26. Nb4 Nc6 27.
Nxc6 dxc6 28. f5 Ba6 29. c5 bxc5 30. Bxc5 Bc4 31. a3 a5 32. Kf2 Bb5 33. Bd4 Rf8
34. Ra7 a4 35. Rc7 Kg8 36. h4 Rf7 37. Rc8+ 1/2-1/2

[Event "DEM U10/U10w 2010"]
[Site "Oberhof GER"]
[Date "2010.05.26"]
[Round "6"]
[White "Kitze, Alexander"]
[Black "Riegel, Arinna"]
[Result "1-0"]
[Termination "normal"]
[Board "25"]
[WhiteElo "1323"]
[BlackElo "1013"]
[PlyCount "95"]
[WhiteFideId "12914827"]
[BlackFideId "12931446"]
[EventCountry "GER"]
[EventRounds "11"]
[EventType "swiss"]
[EventDate "2010.05.22"]

1. e4 e5 2. Nf3 Nf6 3. Nxe5 d6 4. Nf3 Nxe4 5. d4 d5 6. Bd3 Nf6 7. O-O Be7 8.
Nc3 O-O 9. Re1 c6 10. Bf4 Bg4 11. Qe2 Re8 12. Bg5 Nbd7 13. h3 Bh5 14. Qe3 Bg6
15. Bxg6 hxg6 16. Re2 Nb6 17. Ne5 Bd6 18. Qd3 Qc7 19. Rae1 Nc4 20. Nxc4 Rxe2
21. Rxe2 dxc4 22. Qxc4 Bh2+ 23. Kh1 Bd6 24. Bxf6 gxf6 25. d5 cxd5 26. Qxc7 Bxc7
27. Nxd5 Be5 28. c3 Rd8 29. c4 b5 30. b3 Kg7 31. f4 Bd4 32. Rd2 Be3 33. Rd3 Bf2
34. Nb4 Rxd3 35. Nxd3 Bg3 36. cxb5 g5 37. f5 Kh6 38. a4 Bc7 39. b4 Kh5 40. g4+
Kh4 41. Kg2 a6 42. bxa6 Ba5 43. a7 Bxb4 44. a8=Q Bf8 45. Kf3 Bg7 46. Qg8 Bh6
47. Qh7 Kxh3 48. Qxh6# 1-0

[Event "DEM U10/U10w 2010"]
[Site "Oberhof GER"]
[Date "2010.05.26"]
[Round "6"]
[White "Lederer, Leia"]
[Black "Herbrig, Alexander"]
[Result "0-1"]
[Termination "normal"]
[Board "26"]
[WhiteElo "971"]
[BlackElo "1270"]
[PlyCount "122"]
[WhiteFideId "12926353"]
[BlackFideId "12952044"]
[EventCountry "GER"]
[EventRounds "11"]
[EventType "swiss"]
[EventDate "2010.05.22"]

1. e4 c5 2. Nf3 e6 3. Nc3 a6 4. d4 cxd4 5. Nxd4 Qc7 6. a3 b5 7. Bd2 Bb7 8. Bd3
d6 9. Be3 Nd7 10. a4 bxa4 11. Rxa4 Nc5 12. Ra1 Nf6 13. f3 Be7 14. Qd2 O-O 15.
h4 d5 16. exd5 Qg3+ 17. Kd1 Nxd5 18. Bf2 Nxc3+ 19. bxc3 Qxg2 20. Rg1 Bxf3+ 21.
Kc1 Nxd3+ 22. cxd3 Qh3 23. Kc2 Bd6 24. Ra5 f6 25. Kc1 Rfc8 26. c4 e5 27. Qh6
Rc7 28. Nc2 Qf5 29. d4 Qf4+ 30. Qxf4 exf4 31. c5 Be4 32. Kd2 g6 33. Na3 Bf8 34.
h5 Bh6 35. Kc3 g5 36. Nc4 f5 37. Nb6 Raa7 38. d5 g4 39. d6 Rf7 40. d7 Rf8 41.
Rd1 Bg5 42. h6 g3 43. Bd4 Bg2 44. Bg7 Rd8 45. Ra2 f3 46. Bd4 Bh4 47. Be5 f2 48.
c6 Bxc6 49. Bxg3 Bxg3 50. Re2 Rc7 51. Re7 Bxd7+ 52. Kb4 Bd6+ 53. Rxd6 f1=Q 54.
Nxd7 Qf4+ 55. Ka5 Qxd6 56. Nf6+ Qxf6 57. Rxc7 Qe5+ 58. Rc5 Qxc5+ 59. Kxa6 Rd6+
60. Kb7 Qb6+ 61. Kc8 Rd8# 0-1

[Event "DEM U10/U10w 2010"]
[Site "Oberhof GER"]
[Date "2010.05.26"]
[Round "6"]
[White "Allin, Katharina"]
[Black "Neuwald, Johannes"]
[Result "1-0"]
[Termination "normal"]
[Board "28"]
[WhiteElo "1059"]
[BlackElo "1277"]
[PlyCount "87"]
[WhiteFideId "12903779"]
[EventCountry "GER"]
[EventRounds "11"]
[EventType "swiss"]
[EventDate "2010.05.22"]

1. e4 c5 2. c4 Nc6 3. Ne2 g6 4. d4 cxd4 5. Nxd4 Bg7 6. Be3 Nf6 7. Nc3 d6 8. Qd2
Ng4 9. Nxc6 bxc6 10. Bf4 O-O 11. Be2 Qb6 12. O-O Nf6 13. h3 Rb8 14. Rab1 Ba6
15. Be3 Qc7 16. Rfd1 c5 17. a3 Rb3 18. Bh6 Rfb8 19. Bxg7 Kxg7 20. Rdc1 R3b7 21.
Bf3 Rb6 22. Na4 R6b7 23. e5 dxe5 24. Bxb7 Bxb7 25. Nc3 Qc6 26. f3 e4 27. fxe4
Nxe4 28. Nxe4 Qxe4 29. Rc2 Qf5 30. Rbc1 Be4 31. Qc3+ Qf6 32. Qxf6+ Kxf6 33.
Rf2+ Kg5 34. Rxf7 Rxb2 35. Rf2 Rb3 36. Re2 Bd3 37. Re5+ Kf6 38. Rxc5 Rxa3 39.
Rd5 a5 40. c5 a4 41. c6 Be4 42. Rd2 Rb3 43. c7 Bf5 44. Rf2 1-0

[Event "DEM U10/U10w 2010"]
[Site "Oberhof GER"]
[Date "2010.05.26"]
[Round "6"]
[White "Müller, Sophie"]
[Black "Kirn, Niklas Johann"]
[Result "1/2-1/2"]
[Termination "normal"]
[Board "29"]
[WhiteElo "1102"]
[BlackElo "1188"]
[PlyCount "80"]
[WhiteFideId "12926698"]
[BlackFideId "12910899"]
[EventCountry "GER"]
[EventRounds "11"]
[EventType "swiss"]
[EventDate "2010.05.22"]

1. d4 Nf6 2. Nf3 d5 3. Bf4 c5 4. e3 e6 5. c4 Nc6 6. Nc3 Bd6 7. Ne5 Bxe5 8. dxe5
Ne4 9. cxd5 Nxc3 10. bxc3 Qxd5 11. c4 Qxd1+ 12. Rxd1 O-O 13. a3 b6 14. Bd3 Na5
15. Be4 Bb7 16. Bxb7 Nxb7 17. O-O Rad8 18. Bg5 Rxd1 19. Rxd1 h6 20. Be7 Re8 21.
Rd7 Na5 22. Bd6 Nxc4 23. Rxa7 Nxd6 24. exd6 Rd8 25. d7 Kf8 26. Kf1 Ke7 27. Ra6
Rb8 28. Ra7 b5 29. Rc7 Kd8 30. Rxc5 Kxd7 31. Ke1 Kd6 32. Rc2 Rd8 33. Rd2+ Kc7
34. Rxd8 Kxd8 35. Kd2 Kd7 36. Kc3 Kc6 37. Kb4 Kb6 38. f4 f5 39. h4 h5 40. Kb3
Kc5 1/2-1/2

[Event "DEM U10/U10w 2010"]
[Site "Oberhof GER"]
[Date "2010.05.26"]
[Round "6"]
[White "Rogozenco, Teodora Nana"]
[Black "Nguyen, Anh Van"]
[Result "1/2-1/2"]
[Termination "normal"]
[Board "30"]
[WhiteElo "1186"]
[BlackElo "1095"]
[PlyCount "65"]
[WhiteFideId "12938084"]
[BlackFideId "12908223"]
[EventCountry "GER"]
[EventRounds "11"]
[EventType "swiss"]
[EventDate "2010.05.22"]

1. d4 Nf6 2. c4 c5 3. d5 d6 4. Nc3 g6 5. e4 Bg7 6. Nf3 e5 7. h3 O-O 8. Bd3 Bd7
9. O-O Na6 10. a3 Ne8 11. Qc2 f5 12. Bd2 Qb6 13. Rfb1 Rb8 14. b4 cxb4 15. Be3
Qc7 16. axb4 Ra8 17. Nb5 Bxb5 18. cxb5 Qxc2 19. Bxc2 Nxb4 20. Rxb4 f4 21. Bxa7
Nc7 22. b6 Na6 23. Rxa6 bxa6 24. Bd3 a5 25. Ra4 Bf6 26. Rxa5 Bd8 27. Ra6 Rf7
28. Ng5 Rb7 29. Ne6 Bxb6 30. Bxb6 Rxa6 31. Bxa6 Rxb6 32. Be2 Rb1+ 33. Kh2
1/2-1/2

[Event "DEM U10/U10w 2010"]
[Site "Oberhof GER"]
[Date "2010.05.26"]
[Round "6"]
[White "Ramien, David"]
[Black "Rockmann, Jan-Okke"]
[Result "0-1"]
[Termination "normal"]
[Board "31"]
[WhiteElo "1172"]
[BlackElo "1013"]
[PlyCount "78"]
[WhiteFideId "12948241"]
[BlackFideId "12942111"]
[EventCountry "GER"]
[EventRounds "11"]
[EventType "swiss"]
[EventDate "2010.05.22"]

1. e4 e5 2. Bc4 Nf6 3. Nf3 d6 4. Nc3 Be7 5. d3 c6 6. Bg5 Nbd7 7. Qe2 O-O 8. O-O
h6 9. Be3 Nb6 10. Bb3 a5 11. Qd2 Ng4 12. Bxb6 Qxb6 13. d4 exd4 14. Qxd4 Qxd4
15. Nxd4 Bd7 16. Bc4 b5 17. Be2 Ne5 18. f4 Ng6 19. Rad1 Bd8 20. Kh1 b4 21. Nb1
Bf6 22. Nb3 a4 23. Nc5 dxc5 24. Rxd7 Bxb2 25. Rd6 Nxf4 26. Bf3 Rac8 27. Bg4 Be5
28. Rdd1 Rcd8 29. Nd2 h5 30. Nc4 Rxd1 31. Bxd1 Ng6 32. Bxh5 Re8 33. Rf5 Bc3 34.
Nd6 Re6 35. Nxf7 Rxe4 36. h3 Nf4 37. Bg6 Nxg6 38. Nd6 Re1+ 39. Kh2 Be5+ 0-1

[Event "DEM U10/U10w 2010"]
[Site "Oberhof GER"]
[Date "2010.05.26"]
[Round "6"]
[White "Schröder, Janina"]
[Black "Walker, Julia"]
[Result "1-0"]
[Termination "normal"]
[Board "32"]
[WhiteElo "1042"]
[BlackElo "1145"]
[PlyCount "149"]
[WhiteFideId "24693138"]
[BlackFideId "1271852"]
[EventCountry "GER"]
[EventRounds "11"]
[EventType "swiss"]
[EventDate "2010.05.22"]

1. e4 e5 2. Nf3 Nc6 3. Bb5 a6 4. Ba4 Nf6 5. O-O b5 6. Bb3 Bc5 7. c3 d6 8. h3
Bb7 9. Re1 h6 10. Bc2 O-O 11. d4 Bb6 12. d5 Ne7 13. Bb3 Nd7 14. a4 f5 15. exf5
Nxf5 16. a5 Ba7 17. Nbd2 Nf6 18. Ne4 Nxe4 19. Rxe4 Ng3 20. Rg4 Nf5 21. Bc2 Bc8
22. Bxf5 Bxf5 23. Rg3 e4 24. Nd4 Qf6 25. Be3 Bh7 26. Qe2 Bxd4 27. Bxd4 Qe7 28.
Qh5 Rf6 29. Bxf6 Qxf6 30. Re1 Rf8 31. Qe2 Kh8 32. Rf1 Re8 33. Rf3 Qg6 34. Rg3
Qf6 35. f3 Qe5 36. Rg4 Bf5 37. fxe4 Bxg4 38. Qxg4 Qxe4 39. Qxe4 Rxe4 40. Rf7
Ra4 41. Rxc7 Rxa5 42. Rc6 Ra1+ 43. Kh2 Rd1 44. Rxd6 a5 45. Ra6 Rxd5 46. Rxa5
Rd2 47. Rxb5 g5 48. c4 Rc2 49. c5 h5 50. b4 Rc3 51. c6 g4 52. h4 g3+ 53. Kh3
Rxc6 54. Rxh5+ Kg7 55. Rg5+ Kf7 56. Rxg3 Rc4 57. Rb3 Rd4 58. b5 Rd6 59. b6 Rd8
60. b7 Rb8 61. g4 Kf6 62. h5 Kg5 63. Kg3 Kh6 64. Kh4 Kh7 65. g5 Kg7 66. h6+ Kg6
67. Kg4 Kf7 68. Kh5 Kg8 69. g6 Kh8 70. h7 Rxb7 71. Rf3 Rb8 72. Kh6 Rg8 73.
hxg8=Q+ Kxg8 74. Rf7 Kh8 75. Rf8# 1-0

[Event "DEM U10/U10w 2010"]
[Site "Oberhof GER"]
[Date "2010.05.26"]
[Round "6"]
[White "Martin, Julian"]
[Black "Tiedemann, Fin Niklas"]
[Result "1-0"]
[Termination "normal"]
[Board "33"]
[WhiteElo "1126"]
[BlackElo "997"]
[PlyCount "59"]
[WhiteFideId "12941000"]
[BlackFideId "12936936"]
[EventCountry "GER"]
[EventRounds "11"]
[EventType "swiss"]
[EventDate "2010.05.22"]

1. e4 c6 2. c4 d5 3. exd5 cxd5 4. cxd5 Nf6 5. Nc3 Nxd5 6. Bc4 Nb6 7. Bb3 e5 8.
Nge2 Bc5 9. O-O Qf6 10. Ne4 Qe7 11. Nxc5 Qxc5 12. Re1 O-O 13. d4 exd4 14. Qxd4
Qe7 15. Bd2 Nc6 16. Qd3 Qf6 17. Bc2 g6 18. Bc3 Qg5 19. Bd2 Qf6 20. Bc3 Qg5 21.
Ng3 h5 22. Ne4 Qd8 23. Nf6+ Kh8 24. Nd7+ Kh7 25. Nxf8+ Qxf8 26. Qe2 Qc5 27. Qf3
f5 28. Qe3 Qf8 29. Qe8 Qc5 30. Qh8# 1-0

[Event "DEM U10/U10w 2010"]
[Site "Oberhof GER"]
[Date "2010.05.26"]
[Round "6"]
[White "Du, Katharina"]
[Black "Tsoumanis, Neoptolemos"]
[Result "1/2-1/2"]
[Termination "normal"]
[Board "35"]
[WhiteElo "1006"]
[BlackElo "1105"]
[PlyCount "59"]
[WhiteFideId "12945757"]
[EventCountry "GER"]
[EventRounds "11"]
[EventType "swiss"]
[EventDate "2010.05.22"]

1. e4 d5 2. exd5 Qxd5 3. Nc3 Qa5 4. d4 Nf6 5. Nf3 Bg4 6. Be2 e6 7. Bd2 c6 8. h3
Bxf3 9. Bxf3 Bb4 10. a3 Bxc3 11. Bxc3 Qc7 12. O-O O-O 13. Qd3 Nbd7 14. Rfe1
Rfe8 15. b4 e5 16. Rad1 Re7 17. Re2 Rae8 18. Rde1 b6 19. Bb2 Nd5 20. Bxd5 cxd5
21. f4 e4 22. Qb3 Nf6 23. Bc1 Rd8 24. b5 Qc4 25. Qxc4 dxc4 26. c3 Rde8 27. Bd2
Nd5 28. a4 f5 29. g3 g6 30. Kf2 1/2-1/2

[Event "DEM U10/U10w 2010"]
[Site "Oberhof GER"]
[Date "2010.05.26"]
[Round "6"]
[White "Denkert, Anna"]
[Black "Sadewasser, Lucie"]
[Result "1/2-1/2"]
[Termination "normal"]
[Board "36"]
[WhiteElo "914"]
[BlackElo "1197"]
[PlyCount "37"]
[WhiteFideId "12938122"]
[BlackFideId "12905445"]
[EventCountry "GER"]
[EventRounds "11"]
[EventType "swiss"]
[EventDate "2010.05.22"]

1. e4 e5 2. Nf3 Nc6 3. Bc4 Nf6 4. d3 Bc5 5. c3 d6 6. Be3 Bg4 7. O-O O-O 8. Nbd2
a6 9. b4 Bxe3 10. fxe3 b5 11. Bb3 d5 12. exd5 Nxd5 13. Bxd5 Qxd5 14. Qb1 Rad8
15. d4 exd4 16. cxd4 g6 17. a3 Ne7 18. Qe4 Qxe4 19. Nxe4 1/2-1/2

[Event "DEM U10/U10w 2010"]
[Site "Oberhof GER"]
[Date "2010.05.26"]
[Round "6"]
[White "Dallinger, Moritz"]
[Black "Edelmann, Jonas"]
[Result "1-0"]
[Termination "normal"]
[Board "37"]
[WhiteElo "1418"]
[BlackElo "1107"]
[PlyCount "85"]
[WhiteFideId "12910864"]
[EventCountry "GER"]
[EventRounds "11"]
[EventType "swiss"]
[EventDate "2010.05.22"]

1. e4 c5 2. Nf3 Nc6 3. d4 cxd4 4. Nxd4 d5 5. Nxc6 bxc6 6. exd5 cxd5 7. Bb5+ Bd7
8. Qxd5 Bxb5 9. Qxb5+ Qd7 10. Qxd7+ Kxd7 11. b3 Rc8 12. c4 Nf6 13. Bb2 e6 14.
Ke2 Be7 15. f3 Rhd8 16. Rd1+ Ke8 17. Nc3 a6 18. Rd2 Rxd2+ 19. Kxd2 Rd8+ 20. Ke2
Nh5 21. g3 e5 22. Nd5 Bg5 23. Rd1 Nf6 24. Nc7+ Ke7 25. Ba3+ Rd6 26. Bxd6+ Kd7
27. Bxe5+ Kc8 28. Nxa6 Nd7 29. Bxg7 Kb7 30. Rxd7+ Kxa6 31. f4 Bxf4 32. gxf4 Kb6
33. b4 Kc6 34. Rxf7 Kb6 35. c5+ Kc6 36. a4 h6 37. Rf6+ Kc7 38. a5 Kb7 39. b5
Kc7 40. a6 Kb8 41. b6 Kc8 42. c6 Kb8 43. Rf8# 1-0

[Event "DEM U10/U10w 2010"]
[Site "Oberhof GER"]
[Date "2010.05.26"]
[Round "6"]
[White "Simon, Tessa"]
[Black "Schluckner, Paul-Leopold"]
[Result "1-0"]
[Termination "normal"]
[Board "38"]
[WhiteElo "1270"]
[BlackElo "957"]
[PlyCount "95"]
[WhiteFideId "12929395"]
[BlackFideId "12952168"]
[EventCountry "GER"]
[EventRounds "11"]
[EventType "swiss"]
[EventDate "2010.05.22"]

1. e4 e5 2. Nf3 Nc6 3. Bc4 Nf6 4. Ng5 d5 5. exd5 Na5 6. Be2 h6 7. Nf3 Bd6 8.
Nc3 b6 9. a3 Bf5 10. b4 Nb7 11. O-O O-O 12. Bb2 Re8 13. Re1 Nh7 14. Nb5 Qf6 15.
Nxd6 cxd6 16. Bf1 Rac8 17. d3 Bg4 18. Be2 Bxf3 19. Bxf3 Ng5 20. Be2 Qg6 21. Kh1
e4 22. d4 e3 23. Bd3 Qf6 24. fxe3 Ne4 25. Bxe4 Rxe4 26. Qd3 Qg6 27. a4 Re7 28.
Qxg6 fxg6 29. Re2 g5 30. Rf1 Ree8 31. e4 Rf8 32. Rxf8+ Rxf8 33. Kg1 Kh7 34. Rf2
Rxf2 35. Kxf2 h5 36. e5 Kg6 37. e6 Kf6 38. g3 h4 39. g4 a5 40. b5 g6 41. h3 Ke7
42. Bc1 Kf6 43. e7 Kxe7 44. Bxg5+ Kf7 45. Bxh4 Kg7 46. Kf3 Nd8 47. Bxd8 Kh6 48.
Bxb6 1-0

[Event "DEM U10/U10w 2010"]
[Site "Oberhof GER"]
[Date "2010.05.26"]
[Round "6"]
[White "Hoffmann, Christoph"]
[Black "Matzeit, Adrian"]
[Result "1-0"]
[Termination "normal"]
[Board "39"]
[WhiteElo "1094"]
[BlackElo "1175"]
[PlyCount "107"]
[BlackFideId "12946737"]
[EventCountry "GER"]
[EventRounds "11"]
[EventType "swiss"]
[EventDate "2010.05.22"]

1. d4 Nf6 2. c4 e6 3. Nc3 Bb4 4. Qc2 Bxc3+ 5. bxc3 d6 6. e4 e5 7. Nf3 Nbd7 8.
Be2 O-O 9. O-O b6 10. Bg5 Re8 11. Rad1 exd4 12. cxd4 Qe7 13. Bd3 h6 14. Bh4 Bb7
15. d5 c6 16. Rfe1 Ne5 17. Nxe5 dxe5 18. Qb3 c5 19. f4 Qd6 20. Qb2 Nh5 21. fxe5
Qxe5 22. Qxe5 Rxe5 23. d6 Bc6 24. Bc2 g5 25. g4 gxh4 26. gxh5 Rd8 27. Kf2 Rxh5
28. e5 Rg5 29. Be4 Bxe4 30. Rxe4 Rf5+ 31. Ke3 Kf8 32. Rd5 Ke8 33. Rxh4 h5 34.
Kd3 Kd7 35. a4 Ke6 36. Ke4 Rg5 37. h3 a5 38. Rf4 Rg6 39. Rf5 Rh6 40. Rf3 Rg6
41. Rf4 Rh6 42. Rf5 Rd7 43. Rd2 Rd8 44. Rdf2 Rf8 45. R2f3 h4 46. Rf6+ Rxf6 47.
Rxf6+ Kd7 48. Rh6 Re8 49. Kd5 Re6 50. Rxh4 Rg6 51. Rh7 Ke8 52. Kc6 f6 53. e6
Rg8 54. d7+ 1-0